00645 a2200193 4500003000400000005001700004008004100021020001800062040000900080082001800089100002400107245006400131250001200195260004200207300001000249942004200259952013300301999001700434OSt20240119100944.0240119b |||||||| |||| 00| 0 eng d a9788182719293 coclc a954.84bAHM/M aAhmed, Jameel98587 aMalayala Muslim Bhasha Samskaram Charithram /cJameel Ahmed a1st ed. aKozhikode:bPratheeksha Books,c2018. a120p. 2ddccBKh954.84iAHM/Mk954.84mAHM/M 00102ddc40708HISTORYaMESbMEScISLd2024-01-19l0o954.84 AHM/Mp44920r2024-01-19 10:10:50v120.00w2024-01-19yBKzGL44R3 c43259d43259